000 00212 a2200097 4500
001 45906
100 _aWind H
245 _athe complete golfer
260 _aLondon
_bWilliam Heinemann
_c
090 _c29013
_d29013
942 _aNUST-CAE
_cM
_c21129
999 _c280979
_d280979